000 00761nam a22002417a 4500
001 59075
003 UA-OsUOA
005 20230419163955.0
007 ta
008 20090305b un ||||| |||| 00| 0 ukr d
020 _a966-346-125-Х
040 _aUA-OsUOA
_bukr
_cUA-OsUOA
_dUA-OsUOA
041 _aukr
080 _a330,83(477)
090 _a330,83(477)
_bС11
245 _aС. Булгаков. Розмисли. Творча спадщина у контексті ХХІ століття
_bВ. Д. Базилевич
260 _aК.
_bЗнання
_c2006
300 _a903 с.
650 7 _a330 Економіка взагалі
_2UDC
942 _cBK
_2udc
955 _a2
999 _c345158
_d345158